000 00310nam a2200133Ia 4500
100 _aBraun/ Martin
942 _cBK
654 _aequations
245 _aDifferential equations & other applications
260 _bNarosa publishing house
_aNew Delhi
_c1995
300 _a319
546 _aENGLISH
999 _c35666
_d35666